00557 2200217 4500001002100000005001500021035002000036007000300056008004100059020001300100082000800113084001400121100002300135245009400158250001000252260003100262300001900293990000900312990000900321990000900330INLIS00000000000392620220810090519 a0010-0819000069ta220810 g 0 ind  a54010079 a299 a299 POR k0 aPorter, Michael E.1 aKeunggulan Bersaing :bMenciptakan dan Mempertahankan Kinerja Unggul /cMichael E. Porter aCet.1 aJakarta :bErlangga,c1993 a493hlm ;c24cm a119a a119b a119c